Gender and Germanness : cultural productions of nation

Αποθηκεύτηκε σε:
Λεπτομέρειες βιβλιογραφικής εγγραφής
Άλλοι συγγραφείς: Herminghouse, Patricia (Επιμελητής έκδοσης), Mueller, Magda (Επιμελητής έκδοσης)
Μορφή: Βιβλίο
Γλώσσα:English
Δημοσίευση: Providence, R.I. : Berghahn Books, 1997
Σειρά:Modern German studies ; ; 4
Θέματα:
Ετικέτες: Προσθήκη ετικέτας
Δεν υπάρχουν, Καταχωρήστε ετικέτα πρώτοι!

MARC

LEADER 00000nam a2200000 i 4500
001 1/95124
008 081009s1997 eng d
020 |a 1-57181-113-3 
035 |l 10100737 
040 |a GR-MY-UA  |b gre  |e aacr 
041 0 |a eng 
082 0 |a 830.9  |2 (22) 
100 1 |a Herminghouse, Patricia.  |4 edt 
245 1 0 |a Gender and Germanness :  |b cultural productions of nation /  |c edited by Patricia Herminghouse & Magda Mueller 
260 |a Providence, R.I. :   |b Berghahn Books,   |c 1997 
300 |a vii, 344 σ.;  |c 22 εκ. 
490 1 |a Modern German studies  |v ; 4 
504 |a Περιέχει βιβλιογραφικές παραπομπές και ευρετήριο 
650 0 0 |a German literature  |x History and criticism. 
650 0 0 |a Gender identity in literature. 
650 0 0 |a Nationalism in literature. 
650 0 0 |a Arts, German. 
650 0 0 |a Gender identity in art. 
700 1 |a Mueller, Magda.  |4 edt 
830 0 |a Modern German studies ;  |v ; 4 
852 |a INST  |b LESVOS  |e 20081009  |h 830.9 GEN  |p 005100043231  |q 005100043231  |t BK  |y 0 
901 |a BIBL1-2008-3 
909 |a Λ  |b 152015 
922 |a 1ΕΛΗ  |b 200803  |c ΕΠΕΑΕΚ2/ΤΚΑ  |d ΕΛΕΥΘΕΡΟΥΔΑΚΗΣ 
970 |a ΚΑΡΑ  |b ΓΙΑΣΕΜΗ  |z 2008/10/09